El General Serrano, Duque de la Torre / (Record no. 186861)

MARC details
000 -LEADER
campo de control de longitud fija 00803nam a2200205 i 4500
001 - NÚMERO DE CONTROL
campo de control 186861
003 - IDENTIFICADOR DE NÚMERO DE CONTROL
campo de control ES-MaACL
005 - FECHA Y HORA DE LA ÚLTIMA TRANSACCIÓN
campo de control 20250913172550.0
008 - DATOS DE LONGITUD FIJA--INFORMACIÓN GENERAL
campo de control de longitud fija 170223s1929 sp |||| | spa d
100 1# - ENTRADA PRINCIPAL--NOMBRE DE PERSONA
Nombre de persona Villa-Urrutia, Wenceslao Ramírez de Villa-Urrutia,
Títulos y otros términos asociados al nombre Marqués de,
Fechas asociadas al nombre 1850-1933
9 (RLIN) 114894
245 13 - MENCIÓN DEL TÍTULO
Título El General Serrano, Duque de la Torre /
Mención de responsabilidad, etc. por el Marqués de Villa-Urrutia.
250 ## - MENCION DE EDICION
Mención de edición 1ª ed.
260 ## - PUBLICACIÓN, DISTRIBUCIÓN, ETC.
Lugar de publicación, distribución, etc. Madrid :
Nombre del editor, distribuidor, etc. Espasa-Calpe,
Fecha de publicación, distribución, etc. 1929.
300 ## - DESCRIPCIÓN FÍSICA
Extensión 255 p. :
Otras características físicas 1 retr. ;
Dimensiones 17 cm.
490 1# - MENCIÓN DE SERIE
Mención de serie Vidas españolas del siglo XIX ;
Designación de volumen o secuencia 1
600 17 - PUNTO DE ACCESO ADICIONAL DE MATERIA--NOMBRE DE PERSONA
Nombre de persona Serrano y Domínguez, Francisco,
Fechas asociadas al nombre 1810-1885
Fuente del encabezamiento o término
9 (RLIN) 153059
830 0# - PUNTO DE ACCESO ADICIONAL DE SERIE-TÍTULO UNIFORME
Título uniforme Vidas españolas del siglo XIX ;
Designación de volumen o secuencia 1
9 (RLIN) 192637
852 ## - LOCALIZACIÓN
Ubicación ES-MaACL
Número de control de estantería C-23214
Nota libre .- Sello de "Donativo Amigos del Ateneo, 1929"
Holdings
Estatus retirado Estado de pérdida Estado de daño No para préstamo Biblioteca de origen Biblioteca actual Ubicación en estantería Fecha de adquisición Fuente de adquisición Total de préstamos Signatura topográfica completa Código de barras Visto por última vez Precio de reemplazo Tipo de ítem Koha
        Biblioteca del Ateneo de Madrid Biblioteca del Ateneo de Madrid Depósito 2 23/02/2017     C-23214 1197101 23/02/2023 23/02/2023 Libro impreso